I labirinti dell'amore /

Saved in:
Bibliografiske detaljer
Hovedforfatter: Ritter, Joan (Author)
Format: Bog
Sprog:italiensk
Udgivet: Torino : Dellavalle, c1971
Serier:L'oro del tempo ; 28
Tags: Tilføj Tag
Ingen Tags, Vær først til at tagge denne postø!

MARC

LEADER 00000nam a22000007i 4500
001 IT\ICCU\UBO\3303526
003 ItRI
005 20260115232314.0
008 071018s1971 it |||||| ||||| |||||c
040 |b ita  |c importazione bologna sebina 
041 7 |a ita  |2 ISO-639-2 
100 1 |a Ritter, Joan  |0 IT\ICCU\UBOV\199320  |4 aut 
245 1 2 |a I labirinti dell'amore /  |c Joan Ritter. 
260 |a Torino :  |b Dellavalle,  |c c1971 
300 |a 233 p. ;  |c 21 cm. 
830 2 |a L'oro del tempo ;  |v 28  |0 IT\ICCU\SBL\0101048 
942 |2 ddc  |c BK  |n 0 
952 |0 0  |1 0  |4 0  |6 DOC_843_914000000000000_RIT  |7 0  |9 23899  |a BO  |b BO  |d 2026-01-15  |i 434  |l 0  |o DOC 843.914 RIT  |p BO434  |r 2026-01-15 23:23:14  |w 2026-01-15  |x [Sebina 5] [1 v.]  |y BK  |z 1 v. 
999 |c 20356  |d 20356